| 000 | 02074nam a2200421 c 4500 | ||
|---|---|---|---|
| 003 | BLK | ||
| 005 | 20230919151741.0 | ||
| 008 | 180409b bul|||||r ||||||| ||bul|| | ||
| 010 | _aKNG00111370000 | ||
| 020 |
_a954-527-212-0 _bиздат.: Дамян Яков |
||
| 040 | _aBLK | ||
| 041 |
_aBUL _cBUL |
||
| 080 |
_aДинамика и развитие на икономиката _b330.3 _x _z330.3 |
||
| 080 |
_aМеждународни икономически отношения. Външностопанска политика. Световно стопанство _b339.9 _x _z339.9 |
||
| 100 | 1 |
_aГилпин, Робърт _eпърви автор _9310491 |
|
| 700 | 1 |
_aГилпин, Джийн М. _eсъавт. _9310492 |
|
| 700 | 1 |
_aБенатов, Лъчезар Мориц _eпрев. _9368179 |
|
| 139 |
_aГилпин, Робърт и др. _bГ 47 |
||
| 245 | 1 | 0 |
_aГлобална политикономия _bРазбиране на междунар. икон. ред _cРобърт Гилпин; съавт. Джийн М. Гилпин; прев. Лъчезар Мориц Бенатов. |
| 257 | _aUSA | ||
| 260 |
_аСофия _bДамян Яков _c2003 _fСофия : Симолини 94 |
||
| 300 |
_a576 с. _c22 см |
||
| 380 | _a3 | ||
| 500 | _aОриг. загл. Global Political Economy. Understanding the International Economic Order / Robert Gilpin, Jean M. Gilpin. - Библиогр. с. 547-554 ; Азб. показалец | ||
| 504 | _a547-554 | ||
| 650 | 4 |
_aПолитикономия _9166866 |
|
| 650 | 4 |
_aГлобализация - икономически проблеми _9285850 |
|
| 650 | 4 |
_aСветовно стопанство _9251664 |
|
| 653 | _aполитическа икономия | ||
| 653 | _aмеждународни икономически отношения | ||
| 653 | _aглобализация | ||
| 852 | _aЦб 218295 | ||
| 856 | 4 |
_qpdf _u |
|
| 856 | 4 |
_qpdf _u |
|
| 942 |
_cKNG _n0 _03 |
||
| 944 |
_aCR _c26.02.2004 _k30564 _lГалина Якимова |
||
| 944 |
_aED _c01.10.2007 _k |
||
| 999 |
_c106117 _d106117 |
||